Industrial Policy Coordination in International Organizations <The> Case of Steel Policy in the OECD and EEC

Salvato in:
Dettagli Bibliografici
Autore principale: Carruth, Reba Anne
Natura: Libro
Lingua:inglese
Pubblicazione: Frankfurt am Main Lang 1989
Edizione:1. Aufl.
Soggetti:
Tags: Aggiungi Tag
Nessun Tag, puoi essere il primo ad aggiungerne!!

MARC

LEADER 00000nam a2200000 4500
001 c000572
005 20221215113931.2
020 |a 3-8204-1126-7 
041 0 |a eng 
044 |a DE 
245 1 0 |a Industrial Policy Coordination in International Organizations  |b <The> Case of Steel Policy in the OECD and EEC  |c Reba Anne Carruth 
250 |a 1. Aufl. 
264 1 |a Frankfurt am Main  |b Lang  |c 1989 
300 |a 162 s. 
610 2 0 |a politika priemyselná 
610 2 0 |a integrácia ekonomická medzinárodná 
610 2 0 |a organizácie medzinárodné 
610 2 0 |a oceľ 
610 2 0 |a OECD 
610 2 0 |a EHS 
100 1 |a Carruth, Reba Anne